Одноплатные компьютеры для встраиваемых систем; Современные технологии автоматизации; № 4

التفاصيل البيبلوغرافية
Parent link:Современные технологии автоматизации: производственно-технический журнал.— , 2000-.— 0206-975X
№ 4.— 2003.— С. 6-17
المؤلف الرئيسي: Кругляк К.
اللغة:الروسية
منشور في: 2003
سلاسل:Обзор. Аппаратные стредства
الموضوعات:
التنسيق: فصل الكتاب
KOHA link:https://koha.lib.tpu.ru/cgi-bin/koha/opac-detail.pl?biblionumber=389728

MARC

LEADER 00000naa2a2200000 4500
001 389728
005 20231101063913.0
035 |a (RuTPU)RU\TPU\prd\22226 
090 |a 389728 
100 |a 20040204a2003 k y0rusy50 ca 
101 0 |a rus 
102 |a RU 
200 1 |a Одноплатные компьютеры для встраиваемых систем  |f К. Кругляк 
225 1 |a Обзор. Аппаратные стредства 
461 1 |0 (RuTPU)RU\TPU\prd\1759  |x 0206-975X  |t Современные технологии автоматизации  |o производственно-технический журнал  |d 2000- 
463 1 |0 (RuTPU)RU\TPU\prd\21834  |t № 4  |v С. 6-17  |d 2003 
610 1 |a одноплатные компьютеры 
610 1 |a встраиваемые системы 
610 1 |a аппаратные стредства 
610 1 |a стандарты 
610 1 |a эксплуатация 
700 1 |a Кругляк  |b К. 
801 1 |a RU  |b 63413507  |c 20040204  |g PSBO 
801 2 |a RU  |b 63413507  |c 20131217  |g RCR 
942 |c BK